| 000 | 01850nas a2200277Ia 4500 | ||
|---|---|---|---|
| 001 | R320-R7693 | ||
| 003 | IT-CnALBA | ||
| 008 | 170116c99999999xx |||||||||||| ||und|| | ||
| 040 |
_aIT-CnALBA _cIT-CnALBA |
||
| 041 | _aITALIANO | ||
| 100 | _aPOLETTI UGO, CARDINALE | ||
| 210 | _aPROSPETTIVE NEL MONDO | ||
| 222 | _aPROSPETTIVE NEL MONDO | ||
| 245 | 0 | _aPROSPETTIVE NEL MONDO. MARZO 1986. POLITICA CULTURA ECONOMIA. | |
| 250 | _a1a ed. | ||
| 260 |
_a ROMA _bPROSPETTIVE NEL MONDO ED. _c1986 [1° Ed.:1986 - Ed.Ling.Originale: 1986] |
||
| 300 | _a84 p. | ||
| 310 | _aMENSILE | ||
| 362 | _aFascicolo: 117 / Anno: 12 (1986) | ||
| 500 | _aPERCHÈ LA DIFFAMAZIONE DELL'OPUS DEI. AZZARO G. FORMIGONI R. LO CASTRO G. LOIODICE A. IL PAPA E GLI EBREI, SPIZZI R. DISTRUTTORI AL CENTRO DI ROMA. CONSOLO G. AMNISTIA. ORFEI R. PROGETTO AMBIGUO. PUBBLICITA'DISCUTIBILE. PAPA GIOVANNI E L'ACCUSA DI DEICIDIO AGLI EBREI. ASSUNTO R. PAST FOOD, CIBO RAPIDO PER GLI UOMINI VUOTI. BAUSI L. MAPPA NAZIONALE PER LUOGHI E RITROVI DA PROTEGGERE. MONDIA B. VINO SOFISTICATO, MATERIASLISMO ED EDONISMO. ORA DI RELIGIONE, FRUTTO DEL DIALOGO FAMILIARE. IL DIAVOLO. | ||
| 501 | _aSocietà San Paolo EM - Piazza San Paolo, 14 - 12051 ALBA (CN) (non commercial uses only) ® Copyright 2017 | ||
| 520 | _aPERCHÈ LA DIFFAMAZIONE DELL'OPUS DEI. AZZARO G. FORMIGONI R. LO CASTRO G. LOIODICE A. IL PAPA E GLI EBREI, SPIZZI R. DISTRUTTORI AL CENTRO DI ROMA. CONSOLO G. AMNISTIA. ORFEI R. PROGETTO AMBIGUO. PUBBLICITA'DISCUTIBILE. PAPA GIOVANNI E L'ACCUSA DI DEICIDIO AGLI EBREI. ASSUNTO R. PAST FOOD, CIBO RAPIDO PER GLI UOMINI VUOTI. BAUSI L. MAPPA NAZIONALE PER LUOGHI E RITROVI DA PROTEGGERE. MONDIA B. VINO SOFISTICATO, MATERIASLISMO ED EDONISMO. ORA DI RELIGIONE, FRUTTO DEL DIALOGO FAMILIARE. IL DIAVOLO. | ||
| 650 | _aPOLITICA | ||
| 942 | _cCR | ||
| 957 | _71 | ||
| 999 |
_a59260 _bNO _g1 _c326287 _d326287 |
||